[Event "Brasilia Taca op"]
[Site "Brasilia"]
[Date "2006.??.??"]
[Round "8"]
[White "Bargad, Abraham"]
[Black "Disconzi da Silva, Rodrigo"]
[Result "1/2-1/2"]
[WhiteElo "2237"]
[BlackElo "2391"]
[PlyCount "35"]
[EventDate "2006.??.??"]
[EventType "swiss"]
[EventRounds "9"]
[EventCountry "BRA"]
[SourceTitle "EXT 2008"]
[Source "ChessBase"]
[SourceDate "2007.11.25"]
[SourceVersion "1"]
[SourceVersionDate "2007.11.25"]
[SourceQuality "1"]

1. d4 Nf6 2. Nf3 e6 3. g3 b5 4. Bg2 Bb7 5. 0-0 c5 6. c3 Qb6 7. dxc5 Bxc5 8. b4 Be7 9. Be3 Qc7 10. a4 a6 11. axb5 axb5 12. Rxa8 Bxa8 13. Qd3 Bc6 14. Nd4 Qb7 15. Nxc6 dxc6 16. Nd2 0-0 17. Ra1 Na6 18. Nb3 1/2-1/2

[Event "Brasilia Taca op"]
[Site "Brasilia"]
[Date "2006.??.??"]
[Round "7"]
[White "Borges, Guilherme Deola"]
[Black "Bargad, Abraham"]
[Result "1/2-1/2"]
[WhiteElo "2153"]
[BlackElo "2237"]
[PlyCount "63"]
[EventDate "2006.??.??"]
[EventType "swiss"]
[EventRounds "9"]
[EventCountry "BRA"]
[SourceTitle "EXT 2008"]
[Source "ChessBase"]
[SourceDate "2007.11.25"]
[SourceVersion "1"]
[SourceVersionDate "2007.11.25"]
[SourceQuality "1"]

1. d4 d5 2. Nf3 Nf6 3. Bf4 c6 4. c3 Qb6 5. Qb3 Bf5 6. h3 h6 7. Nbd2 Nbd7 8. e3 e6 9. Be2 Be7 10. 0-0 g5 11. Bh2 Rg8 12. Ne5 Nxe5 13. Bxe5 Nd7 14. Bh2 Qxb3 15. axb3 a6 16. b4 0-0-0 17. b5 cxb5 18. Bxb5 Nb6 19. Be2 Bd6 20. Bxd6 Rxd6 21. b4 Rc6 22. Rfc1 Kb8 23. b5 axb5 24. Bxb5 Rc7 25. f3 Rgc8 26. Ra3 Bg6 27. Rb3 Rd8 28. c4 dxc4 29. Nxc4 Nxc4 30. Rxc4 Rxc4 31. Bxc4 Bc2 32. Rb2 1/2-1/2

[Event "Provincial Mayor AAPC"]
[Site "San Francisco"]
[Date "2002.??.??"]
[Round "3"]
[White "Bargad, Abraham"]
[Black "Hutt, Alejandro Gabriel"]
[Result "1-0"]
[WhiteElo "2237"]
[BlackElo "2122"]
[PlyCount "81"]
[EventDate "2002.11.01"]
[EventType "tourn"]
[EventRounds "7"]
[EventCountry "ARG"]
[SourceTitle "CBM 091 Extra"]
[Source "ChessBase"]
[SourceDate "2003.01.09"]
[SourceVersion "1"]
[SourceVersionDate "2003.01.09"]
[SourceQuality "1"]

1. c4 e6 2. Nf3 d5 3. d4 c5 4. cxd5 exd5 5. g3 Nc6 6. Bg2 Nf6 7. 0-0 Be7 8. b3 0-0 9. dxc5 Bxc5 10. Bb2 Be6 11. Na3 Qb6 12. Nc2 Ne4 13. Nfd4 Rad8 14. e3 Bc8 15. f3 Nf6 16. Qd3 Ne5 17. Qb5 Qd6 18. Rfe1 a6 19. Qf1 Rfe8 20. Rad1 Qb6 21. Ba1 Qa5 22. a4 Qb6 23. Kh1 Bd7 24. Bh3 g6 25. Bxd7 Nexd7 26. Qh3 Bf8 27. g4 Ne5 28. Rg1 Qc7 29. Rg2 Qc8 30. Nf5 Re6 31. Ncd4 Ned7 32. Nxe6 fxe6 33. Nh6+ Bxh6 34. Qxh6 e5 35. Qg5 Qc6 36. h4 d4 37. e4 Kg7 38. h5 h6 39. Qxg6+ Kf8 40. Qxh6+ Ke7 41. g5 1-0

[Event "ARG-ch sf"]
[Site "Ezeiza"]
[Date "2000.09.02"]
[Round "5"]
[White "Bustamante, Oscar"]
[Black "Bargad, Abraham"]
[Result "0-1"]
[WhiteElo "2013"]
[BlackElo "2240"]
[PlyCount "46"]
[EventDate "2000.08.29"]
[EventType "swiss"]
[EventRounds "9"]
[EventCountry "ARG"]
[SourceTitle "EXT 2001"]
[Source "ChessBase"]
[SourceDate "2000.11.22"]
[SourceVersion "1"]
[SourceVersionDate "2000.11.22"]
[SourceQuality "1"]

1. e4 c5 2. Nf3 Nc6 3. d4 cxd4 4. Nxd4 Nf6 5. Nc3 e5 6. Ndb5 d6 7. Bg5 a6 8. Na3 b5 9. Nd5 Be7 10. Bxf6 Bxf6 11. c3 0-0 12. Nc2 Rb8 13. a4 bxa4 14. Qc1 Bg5 15. Nde3 Qb6 16. Rxa4 Qxb2 17. Qxb2 Rxb2 18. Bxa6 Rb1+ 19. Nd1 Bd7 20. Bd3 Nd4 21. Ra7 Bb5 22. Na3 Bxd3 23. cxd4 Rxd1+ 0-1